"Vòng Xóay" lãi suất /

সংরক্ষণ করুন:
গ্রন্থ-পঞ্জীর বিবরন
প্রধান লেখক: Thùy Vinh.
বিন্যাস: প্রবন্ধ
ভাষা:Vietnamese
বিষয়গুলি:
ট্যাগগুলো: ট্যাগ যুক্ত করুন
কোনো ট্যাগ নেই, প্রথমজন হিসাবে ট্যাগ করুন!
Thư viện lưu trữ: Thư viện Trường Đại học Đà Lạt
LEADER 00730nam a2200265 4500
001 DLU110120108
005 ##20110421
040 # # |a DLU  |b vie 
041 # # |a vie 
044 # # |a vn 
100 # # |a Thùy Vinh. 
245 # # |a "Vòng Xóay" lãi suất /  |c Thùy Vinh. 
653 # # |a Đầu tư tài chính 
653 # # |a Chống lạm phát 
653 # # |a Lãi suất người gửu 
773 # # |t Đầu tư chứng khoán  |g Số 1(473), 2008, tr. 41 
920 # # |a Phòng Tạp chí -- Trung tâm Thông tin - Thư viện Trường Đại học Đà Lạt 
994 # # |a DLU 
900 # # |a True 
911 # # |a Nguyễn Thị Linh Chi 
925 # # |a G 
926 # # |a A 
927 # # |a BB 
980 # # |a Thư viện Trường Đại học Đà Lạt